| 000 | 00491nam a2200157Ia 4500 | ||
|---|---|---|---|
| 008 | 170221s9999 xx 000 0 und d | ||
| 100 | _aBello Semiu | ||
| 245 | _aUNETHICAL PRACTICES AMONG JOURNALISTS AND THE NIGERIAN PUBLIC SPHERE | ||
| 245 | _cBello Semiu Adejola Aminat Jamiu Folarin | ||
| 260 | _bOnline Journal of Communication and Media Technologies | ||
| 260 | _c2015 | ||
| 300 | _a4 : 3 | ||
| 650 | _xCommunication | ||
| 650 | _xMedia Arts | ||
| 856 | _uhttp://www.ojcmt.net/ | ||
| 999 |
_c313037 _d313037 |
||